Management of investments
| Main Author: | |
|---|---|
| Format: | Book |
| Published: |
New York :
McGraw-Hill ,
1993
|
| Series: | Finance Series
|
| Subjects: |
MARC
| LEADER | 00000cam a2200000 7i4500 | ||
|---|---|---|---|
| 001 | 0000002316 | ||
| 002 | 000002522 | ||
| 005 | 20000330.0 | ||
| 020 | |a 0071129553 | ||
| 090 | 0 | 0 | |a 332.678 |b FRA |
| 100 | 1 | |a Francis, Jack Clark | |
| 245 | 1 | 0 | |a Management of investments |c Jack Clark Francis |
| 260 | |a New York : |b McGraw-Hill , |c 1993 | ||
| 300 | |a 691 p. ; |c 23 cm. | ||
| 490 | 0 | |a Finance Series | |
| 650 | 0 | 0 | |a Investments |
| 999 | |a 035499 |b BUKU |c PINJAMAN |e PERPUSTAKAAN KOMUNITI PETALING JAYA | ||
| 999 | |a 035500 |b BUKU |c PINJAMAN |e PERPUSTAKAAN KOMUNITI PETALING JAYA | ||